| 000 | 00692nam a22001937a 4500 | ||
|---|---|---|---|
| 999 |
_c190015 _d190015 |
||
| 005 | 20220715155328.0 | ||
| 010 | _aENG-133608 | ||
| 020 |
_a9789391370237 _c1250.00 |
||
| 035 | _aEN-117140 | ||
| 037 | _bDBAD/PUB | ||
| 082 | _a305.560954 | ||
| 245 |
_aEmpowering Marginalized Communities in India: _bThe Impact of Higher Education/ _cEdited by M.J. Vinod and S.Y. Surendra Kumar |
||
| 260 |
_aNew Delhi _bSage Publications India Pvt. Ltd _c2021 |
||
| 270 |
_aB-1/I-I Mohan Cooperative Industrial Area Mathura Road, _bNew Delhi _e110044 |
||
| 300 |
_axv, 276p. _c22cm(hb) |
||
| 700 | _aVinod, M.J. | ||
| 700 | _aKumar, S.Y. Surendra | ||
| 942 |
_2ddc _cEN _h305.560954 _mEMP |
||